000 00491nam a2200169Ia 4500
008 151213s9999 xx 000 0 und d
020 _a984-508-293-9
082 _a338.9
_b338.9
100 _aBangladesh Bureou of Statistics
245 _aJute Crop Survey - 1993 - 94
_cBangladesh Bureou of Statistics
260 _aDhaka
_bB B S
_c1997
300 _a6405 p.
650 _aReference
650 _aStatistics Report : Reference
700 _aBangladesh Bureou of Statistics
999 _c3537
_d3537